Y Tu Mamá También : [The Film] = Y tu mamá también /

Road movie acerca de dos jóvenes amigos, Julio y Tenoch, que conocen a una mujer española, Luisa, a quien invitan a una paradisíaca playa en las costas mexicanas. Este aclamado filme del realizador mexicano Alfonso Cuarón muestra con vehemencia una historia de libertad y despertar sexual, y de una a...

Descripción completa

Guardado en:
Detalles Bibliográficos
Autor principal: Cuarón, Alfonso (realización)
Otros autores: Cuarón, Carlos (guión) (guión), Cuarón, Alfonso (guión) (guión), Lubezki, Emmanuel (fotógrafo) (fotógrafo), Diaque Lases, Gabriela (vestuario) (vestuario), Cuarón, Alfonso (montaje) (montaje), Rodríguez, Alex (montaje) (montaje), Verdú, Maribel (actuación) (actuación), García Bernal, Gael (actuación) (actuación), Luna, Diego (actuación) (actuación), Giménez Cacho, Daniel (narración) (narración), Cuarón, Carlos (realización) (realización)
Formato: Audiovisual
Idioma:Español
Edición:Edición en doble formato blu-ray/DVD
Colección:(Criterion Collection ; DVD/1) 723.
Temas:
Etiquetas: Agrega una etiqueta
Sin etiquetas, Sé el primero en etiquetar este registro!

MARC

LEADER 00000ngm^a2200000^a^4500
001 000437745
005 20260525154401.0
008 220218 20142014
009 20260526144935.137
020 |a 978-1-60465-874-3 
037 |a Acervo ITESO - Biblioteca 
041 |a ESP 
082 |a 808. 8  |b CRI V. 723 DVD T. 1 
100 |a Cuarón, Alfonso  |e (realización) 
240 1 1 |a [Y tu mamá también] 
245 1 0 |a Y Tu Mamá También :  |b [The Film] = Y tu mamá también /  |c Realización de A. Cuarón. 
250 |a Edición en doble formato blu-ray/DVD 
264 2 |a Nueva York, EUA :  |b Criterion Collection [distribución],  |c 2014, c2014 
300 |a 1 DVD región 1 (106 min.) :  |b color 
336 |a imagen móvil bidimensional  |b tdi  |2 rdacontenido 
337 |a video  |b v  |2 rdamedio 
338 |a videodisco  |b vd  |2 rdasoporte 
440 1 |a (Criterion Collection ;  |v 723.  |p DVD/1) 
520 |a Road movie acerca de dos jóvenes amigos, Julio y Tenoch, que conocen a una mujer española, Luisa, a quien invitan a una paradisíaca playa en las costas mexicanas. Este aclamado filme del realizador mexicano Alfonso Cuarón muestra con vehemencia una historia de libertad y despertar sexual, y de una amistad que resulta quebradiza ante las diferencias y secretos que guardan. La presencia de un narrador así como el trabajo de cámara entrelazan el viaje de los personajes con observaciones acerca de la realidad social y política mexicana de inicios del siglo XXI. 
530 |a Existe una edición en formato audiovisual en blu-ray con el mismo título 
530 |a Existe una edición en formato audiovisual en VHS con el mismo título 
546 |a En español, con subtítulos opcionales: inglés 
585 |a Festival Internacional de Cine de Venecia (58º: 2001): Participante mexicana, sección oficial a concurso 
585 |a Festival Internacional de Cine de San Sebastián (49°: 2001): Participante mexicana-española, sección paralela Made in Spanish 
585 |a Festival Internacional de Cine de Locarno (69°: 2016): Participante mexicana, sección retrospectiva Historia(s) de Cine: Premio Raimondo Rezzonico David Linde 
586 |a Festival Internacional de Cine de Venecia (58º: 2001): Premio al Mejor Guión (Osella de Oro: ganadores: Carlos Cuarón y Alfonso Cuarón, escritores mexicanos) 
586 |a Festival Internacional de Cine de Venecia (58º: 2001): Premio al Mejor Nuevo Intérprete (Premio Marcello Mastroianni: ganadores: Gael García Bernal y Diego Luna, actores mexicanos) 
586 |a Premio de la Academia Europea de Cine (14°: 2001): Mejor Película No Europea – Premio Pantalla Internacional (finalista) 
586 |a Premio BAFTA, de la Academia Británica de Cine y Televisión (56°: 2002): Mejor Película en Lengua No Inglesa (finalista) 
586 |a Premio BAFTA, de la Academia Británica de Cine y Televisión (56°: 2002): Mejor Guión Original (finalistas: Carlos Cuarón y Alfonso Cuarón, escritores mexicanos) 
586 |a Premio Bodil, de la Asociación Danesa de Críticos de Cine (56°: 2003): Mejor Película Extranjera No Norteamericana (finalista) 
586 |a Premio Globo de Oro, de la Asociación de la Prensa Extranjera de Hollywood (59°: 2001): Mejor Película en Lengua No Inglesa (finalista) 
586 |a Premio Oscar, de la Academia Norteamericana de Cine (75°: 2002): Mejor Guión Original (finalistas: Carlos Cuarón y Alfonso Cuarón, escritores mexicanos) 
586 |a Premio Spirit, del Cine Independiente Norteamericano (18°: 2003): Mejor Película Extranjera (finalista) 
586 |a Mejores Películas del Cine Mexicano: Encuesta del portal Sector Cine (2020): 11ª 
649 |a XX 
650 |a Españoles en México -  |x Condiciones Sociales y Culturales 
650 |a Adolescentes en el Cine 
650 |a Adolescentes Mexicanos -  |x Condiciones Sociales y Culturales -  |x Tema Principal 
650 |a Hombres en el Cine 
650 |a Hombres Mexicanos -  |x Condiciones Sociales y Culturales -  |x Tema Principal 
650 |a Playas en el Cine 
650 |a Road Movies 
650 |a Comedias Cinematográficas 
650 |a Cine Mexicano -  |y 2000-2009 
650 |a Cine Mexicano -  |y Siglo XXI 
650 |a Viajes y Travesías -  |z México 
650 |a Infidelidad 
650 |a Secretos Personales 
650 |a Roles de Género 
650 |a Relaciones Intergénero 
650 |a Amistad 
650 |a Machismo 
650 |a Deseo Sexual 
650 |a Desarrollo Sexual 
650 |a Desarrollo Emocional 
650 |a Educación Sentimental -  |x Tema Principal 
650 |a Erotismo 
650 |a Sexualidad 
650 |a Igualdad y Desigualdad -  |z México 
650 |a México -  |x Condiciones Sociales y Culturales 
650 |a México -  |x Historia 
700 |a Cuarón, Carlos  |e (guión) 
700 |a Cuarón, Alfonso  |e (guión) 
700 |a Lubezki, Emmanuel  |e (fotógrafo) 
700 |a Diaque Lases, Gabriela  |e (vestuario) 
700 |a Cuarón, Alfonso  |e (montaje) 
700 |a Rodríguez, Alex  |e (montaje) 
700 |a Verdú, Maribel  |e (actuación) 
700 |a García Bernal, Gael  |e (actuación) 
700 |a Luna, Diego  |e (actuación) 
700 |a Giménez Cacho, Daniel  |e (narración) 
700 |a Cuarón, Carlos  |e (realización) 
910 |a Fondo General 
920 |a Audiovisuales - DVDs 
940 |a Películas 
905 |a 308 
901 |a 0500363678  |b IT2  |c DVR  |i C155185  |u 20260417 
902 |a https://opac.biblio.iteso.mx/vufind/Record/000437745